| 000 | 00599nam a22002057a 4500 | ||
|---|---|---|---|
| 003 | OSt | ||
| 005 | 20140310181916.0 | ||
| 008 | 130716t xxu||||| |||| 00| 0 eng d | ||
| 020 | _a155767082X | ||
| 050 |
_aLB 1062 _b.K43 1990 |
||
| 082 |
_aTR 370.152 _bK49 1990 |
||
| 245 |
_aThink about it : _ba thinking skills program for junior high / _cPeter J. Ketchum. |
||
| 260 |
_aPennsylvania : _bHayes School Publishing Co. Inc, _c1990. |
||
| 300 |
_a65 p. : _bill. ; _c27 cm. |
||
| 520 | _a1. Creative thinking | ||
| 521 | _aTeachers | ||
| 541 | _j1 | ||
| 562 | _e1 | ||
| 942 |
_2lcc _cBK-TR _kTR |
||
| 999 |
_c6776 _d6776 |
||